000 00779nas a22002771i#4500
001 2447
003 ES-MaACL
005 20250809062535.0
007 t|
008 950801d19731991sp | | 1 ||pa d
080 _a(460)
080 _a34
245 0 0 _aRepertorio de sentencias del Tribunal Central de Trabajo /
_cAranzadi.
246 1 3 _aRepertorio Aranzadi de sentencias del Tribunal Central de Trabajo
250 _a1ยช ed.
260 _aPamplona :
_bAranzadi,
_c1973-1991.
300 _av ;
_c25 cm.
362 0 _a1973-1991.
650 1 7 _aDerecho
_2embne
_911602
655 7 _2tgfbne
_9226866
_aRevistas
852 _aES-MaACL
_jP-1507
866 1 _o1974,1979-1988.
942 _2udc
_cPERIODICA
999 _c2447
_d2447